Homecoming - Kanye West - Statistics

General Stats
  • This quiz has been taken 221 times
  • The average score is 399 of 519
Answer Stats
Answer % Correct
a
99%
I
99%
again
96%
And
96%
and
96%
Do
96%
do
96%
home
96%
me
96%
N****s
96%
n****s
96%
you
96%
comin'
95%
Comin'
95%
I'm
95%
Ye
93%
the
92%
then
92%
Then
92%
when
92%
When
92%
to
91%
To
91%
about
90%
now
90%
Now
90%
she
90%
She
90%
Cause
88%
cause
88%
like
88%
was
88%
think
87%
we
87%
so
86%
know
84%
my
84%
three
84%
her
83%
old
83%
this
83%
years
83%
But
82%
don't
82%
girl
82%
lit
82%
met
82%
is
81%
name
81%
said
81%
blow
80%
trees
80%
little
79%
that
79%
tow
79%
come
78%
homie
78%
much
78%
off
78%
from
77%
go
77%
never
77%
town
77%
Town
77%
had
76%
be
75%
excuse
75%
In
75%
in
75%
show
75%
soul
75%
They
75%
they
75%
Wendy
75%
what
75%
out
74%
up
72%
point
71%
for
69%
most
69%
on
69%
act
68%
Chi
68%
downtown
68%
loved
66%
City
65%
tough
65%
em
64%
how
64%
it
64%
makin'
64%
night
64%
got
63%
make
63%
outta
63%
showed
63%
told
63%
always
62%
face
62%
grew
60%
soft
60%
time
60%
your
60%
keep
59%
Keep
59%
just
58%
where
58%
Yeah
58%
bout
57%
gang
57%
gold
57%
guess
57%
Knew
57%
Michigan
57%
platinum
57%
talk
57%
heart
56%
if
56%
kids
56%
mess
56%
straighten
56%
with
56%
leave
55%
Maybe
55%
start
55%
dream
54%
entertainers
54%
Lake
54%
not
54%
TV
54%
back
53%
talkin'
53%
Talkin'
53%
affiliated
52%
airport
52%
at
52%
Every
52%
felt
52%
follow
52%
their
52%
wanna
52%
all
51%
fireworks
51%
it's
51%
left
51%
rap
51%
say
51%
stars
51%
walked
51%
could
49%
drove
49%
gone
49%
proud
49%
remember
49%
through
49%
wrong
49%
beats
48%
fall
48%
game
48%
Reach
48%
figured
47%
sometimes
47%
still
47%
why
47%
cloud
46%
cold
46%
heard
46%
hit
46%
land
46%
really
46%
representin'
46%
seems
46%
til
46%
cared
45%
everybody
45%
min'
44%
interview
43%
tryin'
43%
by
40%
Oh
40%
Baby
39%
last
37%
new
36%
can't
34%
winter
31%
around
30%
here
29%
astoundin'
28%
wave
28%
crowd
25%
Jump
25%
spark
24%
lighters
21%
wouldn't've
10%
Loy-oy-al
4%
loy-oy-al
4%
No matching quizzes found
Score Distribution
Percent of People with Each Score
Percentile by Number Answered
Your Score History
You have not taken this quiz